Rozhodovanie o štruktúre odbytového kanálu

Salvato in:
Dettagli Bibliografici
Autore principale: Urblíková, Daniela
Natura: Capitolo di libro
Lingua:slovacco
Tags: Aggiungi Tag
Nessun Tag, puoi essere il primo ad aggiungerne!!

MARC

LEADER 00000naa$a2200000$$$4500
001 0096627
005 20240502072055.4
041 0 |a slo 
044 |a SK 
245 1 0 |a Rozhodovanie o štruktúre odbytového kanálu  |c Daniela Urblíková 
100 1 |a Urblíková, Daniela